000 00967cam a2200277 a 4500
999 _c128910
_d128910
001 14936134
003 ARRUPE
005 20190206105240.0
008 070720s2002 cc a 000 0 eng d
010 _a 2007320482
020 _a7508500458
020 _a9787508500454
035 _a(OCoLC)ocm52151621
040 _aCPV
_cCPV
_dOCLCQ
_dMUQ
_dDLC
042 _alccopycat
043 _aa-cc---
050 0 0 _aSPC. DS779.23
_b.B73 2008
100 1 _aBrahm, Laurence J.
_944417
245 1 0 _aElements of China :
_bwater, wood, fire, earth, gold /
_cconcept and narrative by Laurence J. Brahm.
260 _aBeijing:
_bChina Intercontinental Press,
_c2008.
300 _a203 p. :
_bcol. ill. ;
_c29 cm.
651 0 _aChina
_xSocial life and customs
_y2002
_vPictorial works.
_944418
651 0 _aChina
_xPictorial works
_944419
906 _a7
_bcbc
_ccopycat
_d2
_encip
_f20
_gy-gencatlg
942 _2lcc
_cSPC